| 000 | 00766nam a2200241 i 4500 | ||
|---|---|---|---|
| 001 | 177683 | ||
| 003 | ES-MaACL | ||
| 005 | 20230906220403.0 | ||
| 008 | 110412s1986 sp ||||1| spa d | ||
| 020 | _a84-505-3247-7 | ||
| 080 | _a658.5 | ||
| 100 | 1 |
_aAlcaín Partearroyo, Ramón. _9146129 |
|
| 245 | 1 | 0 |
_aCómo gestionar la producción / _cRamón Alcaín Partearroyo. |
| 260 |
_aMadrid : _bInstituto de la Pequeña y Mediana Empresa Industrial, _cD. L. 1986. |
||
| 300 |
_a77, [2] p. ; _c21 cm. |
||
| 490 | 1 |
_aManuales IMPI ; _v13 |
|
| 500 | _aÍndice. | ||
| 504 | _aBibliografía: p. [78] | ||
| 650 | 1 | 4 |
_aGestión de la producción. _913114 |
| 830 | 0 |
_aManuales IMPI ; _v13 _9190542 |
|
| 852 |
_aES-MaACL _jE-14880 _xOlim P-518 |
||
| 999 |
_c177683 _d177683 |
||